000 00181 a2200097 4500
020 _a9788483832639
041 _aspa
100 _aMankell, Henning
245 _aTea-Bag
942 _cBK
999 _c10531
_d10531